000 00259nam a22001097a 4500
082 _a512.9 SPI
100 _aSPIEGEL.MURRAY R
_951
245 _aTHEORY AND PROBLEMS OF COLLEGE ALGEBRA
260 _aNEW YORK
_bMCGRAW HILL
_c1956
300 _a312P
942 _cBK
999 _c583616
_d583616